Participation aux résultats: les véritables enjeux.

Aký zmysel má finančná účasť zamestnancov na výsledkoch podniku? Zamestnanci a dobrý chod podniku. Tri pohľady na povahu a na fungovanie finančnej účasti. Súvislosti pôsobiace na princípy a na nástroje finančnej účasti. Od účastníckeho manažmentu po finančnú účasť. Môže byť finančná účasť participač...

Ausführliche Beschreibung

Gespeichert in:
Bibliographische Detailangaben
1. Verfasser: Louart, P.
Format: Buchkapitel
Sprache:Französisch
Schlagworte:
Tags: Tag hinzufügen
Keine Tags, Fügen Sie das erste Tag hinzu!

MARC

LEADER 00000naa a2200000 4500
001 r011357
005 20220913125148.6
041 0 |a fre 
044 |a FR 
245 1 0 |a Participation aux résultats: les véritables enjeux.  |c P. Louart 
520 |a Aký zmysel má finančná účasť zamestnancov na výsledkoch podniku? Zamestnanci a dobrý chod podniku. Tri pohľady na povahu a na fungovanie finančnej účasti. Súvislosti pôsobiace na princípy a na nástroje finančnej účasti. Od účastníckeho manažmentu po finančnú účasť. Môže byť finančná účasť participačná? Pasca, limity a užitočnosť finančnej participácie. (Revue francaise de gestion 1992, č. 88.). 
610 2 0 |a účasť na riadení 
610 2 0 |a financie podnikové 
610 2 0 |a účasť na zisku 
610 2 0 |a riadenie podnikové 
610 2 0 |a hospodárenie podnikové 
610 2 0 |a nástroje finančné 
100 1 |a Louart, P.